00633nam a22001457a 4500008004100000040005500041080001200096245013400108260004900242300002200291650001600313942001200329999001700341952012900358230428b |||||||| |||| 00| 0 eng d aNational Science LibrarycNational Science Library a539(05) aNuclear physics symposiumc/ Proceedings of the nuclear........................................27 February - 2 March, 1963 Bombay aIndia: bDepartment of Atomic Energy, c1963 axiii, 463+xviiip. aProceedings 2udccPR c24565d24565 00102udc4065390570936055aNSLbNSLcGF/Rk-6/C-8/R-6d1974-07-29l0o539(05)p63900r2023-04-28 00:00:00w1974-07-29yPR